Florida Starting QBs in the CFP Era - Statistics

General Stats
  • This quiz has been taken 33 times
  • The average score is 5 of 12
Answer Stats
Year(s) # Player % Correct
2024 2 DJ Lagway
93%
2022 15 Anthony Richardson
70%
2019, 2020 11 Kyle Trask
70%
2023, 2024 15 Graham Mertz
67%
2017, 2018, 2019 13 Feleipe Franks
57%
2021 5 Emory Jones
43%
2015 7 Will Grier
40%
2016 12 Austin Appleby
20%
2016 14 Luke Del Rio
17%
2017 8 Malik Zaire
17%
2014, 2015 3 Treon Harris
17%
2012, 2013, 2014 6 Jeff Driskel
13%
No matching quizzes found
Score Distribution
Percent of People with Each Score
Percentile by Number Answered
Your Score History
You have not taken this quiz